000
00253nam a2200097Ia 4500
008
190216s9999||||xx |||||||||||||| ||und||
100
_a
Emanual Parzen
245
0
_a
Modern Probability Teory And Its Application
260
_b
Wiley Eastern Ltd
942
_c
BK
999
_c
30685
_d
30685